Two Degrees of Separation - Ecuador Quiz Stats

 Plays Quiz Updated Oct 26, 2018

Score 0/5 Timer 01:00
11 Plays Today
Countries % Correct
Brazil
95.5%
Chile
94.9%
Venezuela
91.3%
Bolivia
88.2%
Panama
83.5%

You're not logged in!

Compare scores with friends on all Sporcle quizzes.
OR
Log In

Show Comments

Extras

Top Quizzes Today


Score Distribution

Your Account Isn't Verified!

In order to create a playlist on Sporcle, you need to verify the email address you used during registration. Go to your Sporcle Settings to finish the process.

Report this User

Report this user for behavior that violates our Community Guidelines.

Details: